| 000 | 02542aam a2200661 i 4500 | ||
|---|---|---|---|
| 999 |
_c45877 _d45877 |
||
| 001 | 19514 | ||
| 003 | CO-MdFUSB | ||
| 005 | 20180726093622.0 | ||
| 008 | 180726t1993 nyu||||g |||| 00| 0 eng d | ||
| 020 | _a0-88344-917-X | ||
| 040 |
_aCO-MdFUSB _bspa _cCO-MdFUSB _dCO-MdFUSB _erda |
||
| 041 | _aeng | ||
| 082 |
_224 _aG 230.0464 _bM998m |
||
| 100 | 1 | _aEllacuría, Ignacioi., (Editor) | |
| 245 | 1 | 0 |
_aMysterium Liberationis _b: Fundamental concepts of liberation theology _c/ Edited by Ignacio Ellacuría and Jon Sobrino |
| 250 | _aEdición inglés abreviada y adaptada de la edición original en español | ||
| 264 | 1 |
_aMaryknoll, New York : _bOrbis Books, _c℗1993 |
|
| 264 | 4 | _c©1993 | |
| 300 |
_axv, 752 páginas _c; 24 cm |
||
| 336 |
_2rdacontent _atexto _btxt |
||
| 337 |
_2rdamedia _asin mediación _bn |
||
| 338 |
_2rdacarrier _avolumen _bnc |
||
| 500 | _aTítulo original en español: Mysterium Liberationis : Conceptos fundamentales de la teología de la liberación | ||
| 501 | _aIncluye índices (páginas 738-752) | ||
| 504 | _aBibliografía (páginas 729- 734) | ||
| 505 | 0 | _aHistoria, metodología y características distintivas de la teología de la liberación -- Contenidos sistemáticos de la teología de la liberación -- La trascendencia y la liberación histórica -- El diseño liberador de Dios -- La liberación de la creación -- Iglesia de los pobres, sacramento de la liberación -- El espíritu de la liberación | |
| 563 | _aPasta dura | ||
| 650 | 7 |
_9449 _aTeología de la liberación |
|
| 720 | _aAntoncich, Ricardo | ||
| 720 | _aAzevedo, Marcello de C. | ||
| 720 | _aBingemer, María Clara | ||
| 720 | _aBoff, Clodovis | ||
| 720 | _aBoff, Leonardo | ||
| 720 | _aBravo, Carlos | ||
| 720 | _aCodina, Victor | ||
| 720 | _aComblin, José | ||
| 720 | _aDussel, Enrique | ||
| 720 | _aEllacuría, Ignacio | ||
| 720 | _aEstrada, Juan Antonio | ||
| 720 | _aGebara, Ivone | ||
| 720 | _aGorgulho, Gilberto da S. | ||
| 720 | _aGutiérrez, Gustavo | ||
| 720 | _aJiménez Límon, Javier | ||
| 720 | _aLibânio, João Batista | ||
| 720 | _aLois, Julio | ||
| 720 | _aMoreno, Juan Ramon | ||
| 720 | _aMoreno Rejon, Francisco | ||
| 720 | _aMuñoz, Ronaldo | ||
| 720 | _aQuiroz Magaña, Alvaro | ||
| 720 | _aRiberio Brandao, Margarida L. | ||
| 720 | _aRichard, Pablo | ||
| 720 | _aSegundo, Juan Luis | ||
| 720 | _aSobrino, Jon | ||
| 720 | _aTamayo, Juan José | ||
| 720 | _aTepedino, Ana Maria | ||
| 942 | _cBK | ||